000 00873nam a2200217Ia 4500
003 GCL
008 140319s9999 xx 000 0 ara d
040 _aGCL /
_cGCL
082 0 4 _a301.21
_bم ك
100 1 _aالمؤسسة العامة للدراسات والنشر
245 1 0 _aحرية الثقافة العربية هجرة الكفاءات العربية ط 3 /
_cالمؤسسة العامة للدراسات والنشر
260 _a[S.N] :
_bالمؤسسة العربية للدراسات والنشر ،
_c1993
300 _a322 ص
490 _aكتاب قضايا عربية فى الوحدة العربية وقضاي
_v0
650 0 4 _aالهجرة
650 0 4 _aالثقافة العربية
650 0 4 _aالوعى الاجتماعى
650 0 4 _aالعلاقات الثقافية
650 0 4 _aالتبادل الثقافى
942 _2ddc
_cBK
999 _c34888
_d34888